Correspondence concerning the great melbourne telescope (Record no. 954)

MARC details
000 -LEADER
fixed length control field 00476nam a2200157Ia 4500
003 - CONTROL NUMBER IDENTIFIER
control field IN-BaIIA
008 - FIXED-LENGTH DATA ELEMENTS--GENERAL INFORMATION
fixed length control field 211028s9999 xx 000 0 eng d
040 ## - CATALOGING SOURCE
Transcribing agency IIA Library
080 ## - UNIVERSAL DECIMAL CLASSIFICATION NUMBER
Universal Decimal Classification number 520.2
Item number ROY
110 ## - MAIN ENTRY--CORPORATE NAME
Corporate name or jurisdiction name as entry element The Royal Society
9 (RLIN) 744
245 #0 - TITLE STATEMENT
Title Correspondence concerning the great melbourne telescope
Remainder of title in three parts 1852- 1870
Statement of responsibility, etc. The Royal Society
260 ## - PUBLICATION, DISTRIBUTION, ETC.
Place of publication, distribution, etc. London
Name of publisher, distributor, etc. Taylor and Francis
Date of publication, distribution, etc. 1871
300 ## - PHYSICAL DESCRIPTION
Extent v, 59p.
650 ## - SUBJECT ADDED ENTRY--TOPICAL TERM
Topical term or geographic name entry element Melbourne Telescope
9 (RLIN) 2054
942 ## - ADDED ENTRY ELEMENTS (KOHA)
Koha item type Books
Holdings
Withdrawn status Lost status Damaged status Not for loan Home library Current library Shelving location Date acquired Total Checkouts Full call number Barcode Date last seen Price effective from Koha item type
        IIA Library-Bangalore IIA Library-Kodaikanal General Stacks     520.2/ ROY 988 05/11/2021   Books

Powered by Koha